El constructivismo en el aula
Uloženo v:
| Hlavní autoři: | , , , , , |
|---|---|
| Další autoři: | |
| Médium: | Kniha |
| Jazyk: | španělština |
| Vydáno: |
Barcelona
Graó
1999
|
| Vydání: | 11a. ed |
| Edice: | Serie Pedagogía: Teoría y Práctica, 111
|
| Témata: | |
| Tagy: |
Přidat tag
Žádné tagy, Buďte první, kdo vytvoří štítek k tomuto záznamu!
|
MARC
| LEADER | 00000nam a2200000 a 4500 | ||
|---|---|---|---|
| 001 | UCN0358 | ||
| 003 | CL-VaPUC | ||
| 008 | 010323e19991200SP |||||||||||||||||spa|d | ||
| 082 | 0 | 4 | |a 371.3 |b COL |2 21 |
| 100 | 0 | |a Coll Salvador, César |e author |9 455561 | |
| 700 | 0 | |a Martín, Elena |e author |9 455562 | |
| 700 | |a Mauri Majós, María Teresa |e autora |9 533488 | ||
| 700 | 0 | |a Miras, Mariana |e author |9 455564 | |
| 700 | 0 | |a Onrubia, Javier |e author |9 455565 | |
| 700 | 0 | |a Solé Gallart, Isabel |e author |9 455566 | |
| 700 | 0 | |a Zabala, Antoni |e author |9 222236 | |
| 245 | 1 | 3 | |a El constructivismo en el aula |
| 250 | |a 11a. ed | ||
| 300 | |a 183 p | ||
| 942 | |c BK | ||
| 945 | |d 20010323 00:00:00 |a cmena | ||
| 260 | |a Barcelona |b Graó |c 1999 | ||
| 650 | 0 | |a Educación |9 258661 | |
| 650 | 0 | |a Métodos de enseñanza |9 270413 | |
| 650 | 7 | |a TEORIA DEL APRENDIZAJE |2 CL-VaPUC |9 448897 | |
| 583 | |a last modification |c 20010323 00:00:00 |k Rodrigo Vera | ||
| 490 | 0 | |a Serie Pedagogía: Teoría y Práctica, 111 | |
| 999 | |c 294123 |d 294121 | ||
| 952 | |0 0 |1 0 |4 0 |6 371_300000000000000_COL_1999 |7 0 |8 R |9 345987 |a BIBEDU |b BIBEDU |d 2019-11-20 |i 3702650 |o 371.3 COL 1999 |p 3702650 |r 2023-01-13 |w 2019-11-20 |y BK_R |k LIT | ||
| 952 | |0 0 |1 0 |4 0 |6 371_300000000000000_COL_1999 |7 0 |8 R |9 345988 |a BIBEDU |b BIBEDU |d 2019-11-20 |i 3833143 |o 371.3 COL 1999 |p 3833143 |r 2023-01-13 |w 2019-11-20 |y BK_R |k EPE | ||